| 000 | 00518nam a2200229Ia 4500 | ||
|---|---|---|---|
| 008 | 210210b1948 xxu||||| |||| 00| 0 eng d | ||
| 041 | _aeng | ||
| 082 | _a320/575 | ||
| 100 | _aSTOCKES (A P) | ||
| 245 | _aNegro status and race relations in US 1911-1946 | ||
| 260 |
_a _bNot Mentioned _c1948 |
||
| 650 | _aUS | ||
| 650 | _astatus | ||
| 650 | _arelations | ||
| 650 | _arace | ||
| 650 | _aNegro | ||
| 650 | _ain | ||
| 650 | _aand | ||
| 650 | _a1911-1946 | ||
| 690 | _aPolitical Science | ||
| 906 | _a003208 | ||
| 999 |
_c118545 _d118545 |
||